| 000 | 00785nam a2200241 a 4500 | ||
|---|---|---|---|
| 999 |
_c2307 _d2307 |
||
| 008 | 200304s2012 ii ad||| m|||a00| 0 eng d | ||
| 040 |
_aKO _beng |
||
| 041 | 0 | _aeng | |
| 044 | _aii | ||
| 082 | 0 | 4 |
_223 _a378.242 _bPRM1004 |
| 100 | 1 |
_aPandey, Adesh _eResearcher |
|
| 245 | 1 | 0 |
_aPotential of Logistics Business in India / _cAdesh Pandey ; Guide Lekha Ravi |
| 260 |
_aKochi : _bIndian Maritime University, _c2012 |
||
| 300 |
_a51 p. : _bill., charts ; _c29 cm. |
||
| 490 | 0 |
_aMBA Project 2010-12 ; _v1024217204 |
|
| 502 | _aProject (MBA)–Indian Maritime University. School of Maritime Management, 2012. | ||
| 650 | 0 | _aBusiness logistics | |
| 655 | 7 |
_2lcsh _aDissertations, Academic _y2012 |
|
| 700 | 1 |
_aRavi, Lekha _cDr. _eGuide |
|
| 904 | _aReshma_R | ||
| 942 | _cTH | ||